[Event "Bruges op"]
[Site "Bruges"]
[Date "2024.08.16"]
[Round "9"]
[White "Smeets, Kobe"]
[Black "Ruzhansky, Elias"]
[Result "1-0"]
[WhiteElo "2322"]
[BlackElo "2211"]
[PlyCount "241"]
[EventDate "2024.08.10"]
[EventType "swiss"]
[EventRounds "9"]
[EventCountry "BEL"]
[SourceTitle "CBM 221 Extra"]
[Source "ChessBase"]
[SourceDate "2024.09.30"]
[SourceVersion "1"]
[SourceVersionDate "2024.09.30"]
[SourceQuality "1"]

1. e4 e5 2. Nf3 Nf6 3. Nxe5 d6 4. Nf3 Nxe4 5. Nc3 Nxc3 6. dxc3 Be7 7. Be3 Nd7 8. Qd2 0-0 9. 0-0-0 Nf6 10. Bd3 c5 11. c4 b5 12. cxb5 a6 13. bxa6 Bxa6 14. c4 Bb7 15. b3 Ra3 16. Bb1 Be4 17. Rhe1 Qa8 18. Re2 Bxb1 19. Kxb1 Ne4 20. Qd3 Rb8 21. Bc1 Bf6 22. Bxa3 Nc3+ 23. Qxc3 Bxc3 24. Bb2 Bxb2 25. Kxb2 Qa6 26. Rd5 h6 27. Nd2 Ra8 28. a4 Rb8 29. Kc2 Qb6 30. Re3 Qb4 31. Rxd6 Qa3 32. Rd5 Rb6 33. Kd1 Rg6 34. g3 Re6 35. Rd8+ Kh7 36. Rxe6 fxe6 37. Rd3 g5 38. Re3 e5 39. Ke2 Qb2 40. Rd3 Kg6 41. Rd5 Qa3 42. Rxe5 g4 43. Rd5 Qb4 44. Rd3 Qa3 45. Kf1 Qa1+ 46. Kg2 Qe5 47. Rd5 Qe7 48. a5 Qb7 49. h3 h5 50. hxg4 hxg4 51. Kg1 Qa7 52. Ne4 Qxa5 53. Nxc5 Qb4 54. Kg2 Kh6 55. Rd6+ Kh7 56. Rd5 Kh6 57. Nd3 Qxb3 58. Ne5 Kg7 59. Rd4 Qb7+ 60. Kh2 Qb6 61. Rxg4+ Kh8 62. Rf4 Qc5 63. Nd3 Qd6 64. Ne1 Kg7 65. Ng2 Qh6+ 66. Kg1 Qb6 67. Ne3 Qb1+ 68. Kg2 Qb7+ 69. Kh2 Qc6 70. Rf5 Qh6+ 71. Kg1 Qb6 72. c5 Qb5 73. g4 Qa4 74. Kg2 Qc6+ 75. Kg3 Qc7+ 76. f4 Qb7 77. Re5 Qh1 78. g5 Qg1+ 79. Kf3 Qh1+ 80. Kg4 Qg1+ 81. Kf5 Qb1+ 82. Kg4 Qg1+ 83. Kf5 Qb1+ 84. Ke6 Qg6+ 85. Kd5 Qd3+ 86. Kc6 Qa6+ 87. Kd7 Qb7+ 88. Kd6 Qb8+ 89. Kd5 Qb3+ 90. Kc6 Qa4+ 91. Kd6 Qxf4 92. Nd5 Qf8+ 93. Re7+ Kg6 94. c6 Qd8+ 95. Rd7 Qf8+ 96. Ne7+ Kxg5 97. c7 Qf4+ 98. Kc5 Qe3+ 99. Kc6 Qc3+ 100. Kb7 Qb3+ 101. Kc8 Qh3 102. Nd5 Qe6 103. Kd8 Qg8+ 104. Ke7 Kf5 105. Ne3+ Ke5 106. Ng4+ Kf4 107. Nf6 Qc8 108. Nd5+ Ke5 109. Nb6 Qh8 110. Rd5+ Ke4 111. Rc5 Qg7+ 112. Kd6 Qf6+ 113. Kd7 Qg7+ 114. Kc6 Qf6+ 115. Kb7 Qe7 116. Rc6 Kd4 117. Kb8 Qe5 118. Nc4 Qg3 119. Nd6 Qb3+ 120. Nb7 Qg3 121. Rd6+ 1-0

[Event "Bruges op"]
[Site "Bruges"]
[Date "2024.08.11"]
[Round "2"]
[White "Ruzhansky, Elias"]
[Black "Van Herck, Marcel"]
[Result "1-0"]
[WhiteElo "2211"]
[BlackElo "1980"]
[PlyCount "135"]
[EventDate "2024.08.10"]
[EventType "swiss"]
[EventRounds "9"]
[EventCountry "BEL"]
[SourceTitle "CBM 221 Extra"]
[Source "ChessBase"]
[SourceDate "2024.09.30"]
[SourceVersion "1"]
[SourceVersionDate "2024.09.30"]
[SourceQuality "1"]

1. e4 c6 2. d4 d5 3. e5 c5 4. c3 Nc6 5. Be2 Bf5 6. Nf3 e6 7. 0-0 Qb6 8. dxc5 Bxc5 9. b4 Be7 10. Be3 Qc7 11. b5 Na5 12. Qa4 b6 13. c4 Nxc4 14. Rc1 Bc5 15. Bxc5 bxc5 16. Bxc4 dxc4 17. Qxc4 Rc8 18. Nbd2 Ne7 19. Nb3 0-0 20. Nxc5 Rfd8 21. Qa4 Qb6 22. Nb3 Bd3 23. Nbd4 Nf5 24. Nxf5 exf5 25. Qh4 Qxb5 26. Nd4 Qb2 27. Nc6 Kh8 28. Qxd8+ Rxd8 29. Nxd8 Kg8 30. Rd1 Bc2 31. Re1 Qb6 32. Rac1 Qxd8 33. Rxc2 g6 34. Rce2 Qa5 35. h3 Kg7 36. Rd1 Qb5 37. Rde1 Qa5 38. Rd1 Qb5 39. Rdd2 g5 40. e6 fxe6 41. Rxe6 Kf7 42. Red6 Ke7 43. R6d5 Qb1+ 44. Kh2 h5 45. Re2+ Kf6 46. Rd6+ Kf7 47. Rd7+ Kf6 48. Rd6+ Kf7 49. Rd7+ Kf6 50. Rde7 Qb6 51. g3 h4 52. Rh7 Kg6 53. Rhe7 Kf6 54. R7e3 Qc6 55. Rd3 Qb5 56. Rd6+ Kf7 57. Rde6 Qc4 58. R6e3 Qc6 59. Rd3 Qb5 60. Rde3 Qb6 61. Rf3 Kg6 62. Rd2 Qc5 63. Rfd3 hxg3+ 64. fxg3 Qc1 65. Rf2 g4 66. Rd6+ Kg7 67. h4 Qb1 68. Rd4 1-0

[Event "Ghent op 45th"]
[Site "Ghent"]
[Date "2024.07.23"]
[Round "8"]
[White "Ruzhansky, Elias"]
[Black "Venkataramanan, TS."]
[Result "1/2-1/2"]
[WhiteElo "2242"]
[BlackElo "2253"]
[PlyCount "82"]
[EventDate "2024.07.20"]
[EventType "swiss"]
[EventRounds "9"]
[EventCountry "BEL"]
[SourceTitle "CBM 221 Extra"]
[Source "ChessBase"]
[SourceDate "2024.09.30"]
[SourceVersion "1"]
[SourceVersionDate "2024.09.30"]
[SourceQuality "1"]

1. e4 e5 2. Nf3 Nc6 3. Bc4 Bc5 4. c3 Nf6 5. d3 a6 6. 0-0 Ba7 7. a4 0-0 8. Re1 d6 9. h3 Ne7 10. d4 exd4 11. cxd4 d5 12. exd5 Nexd5 13. Bg5 Qd6 14. Nc3 c6 15. Qb3 Bd7 16. Re5 Bxd4 17. Bxf6 Nxf6 18. Rd1 Bxe5 19. Rxd6 Bxd6 20. Ng5 b5 21. Bxf7+ Kh8 22. Nce4 Nxe4 23. Nxe4 Be5 24. Ng5 Rad8 25. Bh5 bxa4 26. Nf7+ Rxf7 27. Qxf7 Bxb2 28. Qe7 Bf6 29. Qc5 Be6 30. Bf3 Bg8 31. Qa3 Rd2 32. Qxa4 Bd4 33. Qxc6 Rxf2 34. Kh2 Be5+ 35. Kg1 Bd4 36. Kh2 Be5+ 37. Kg1 Bg3 38. Qa8 Rd2 39. Kf1 Rf2+ 40. Kg1 Rc2 41. Kf1 Rf2+ 1/2-1/2

[Event "BEL-ch"]
[Site "Lier"]
[Date "2024.07.07"]
[Round "2"]
[White "Geirnaert, Steven"]
[Black "Ruzhansky, Elias"]
[Result "1-0"]
[WhiteElo "2438"]
[BlackElo "2242"]
[PlyCount "85"]
[EventDate "2024.07.06"]
[EventType "tourn"]
[EventRounds "9"]
[EventCountry "BEL"]
[EventCategory "6"]
[SourceTitle "CBM 221 Extra"]
[Source "ChessBase"]
[SourceDate "2024.09.30"]
[SourceVersion "1"]
[SourceVersionDate "2024.09.30"]
[SourceQuality "1"]

1. d4 d5 2. c4 e6 3. Nc3 Nf6 4. cxd5 exd5 5. Bg5 c6 6. e3 Qb6 7. Qd2 Ne4 8. Nxe4 dxe4 9. Ne2 Bb4 10. Nc3 Qa5 11. Bf4 Be6 12. a3 Nd7 13. Rc1 Bxc3 14. Qxc3 Qd5 15. Qb4 Nb6 16. Be2 Qd7 17. Bg3 Nd5 18. Qc5 Qe7 19. Bd6 Qg5 20. Ba6 Bc8 21. 0-0 h5 22. Kh1 Qd8 23. Be2 Be6 24. a4 Qd7 25. h3 a5 26. Bh2 Qe7 27. Qc2 Bf5 28. Bc4 Nb4 29. Qb3 Rd8 30. f3 f6 31. Rce1 h4 32. fxe4 Bxe4 33. Rf4 Nd5 34. Rxe4 Qxe4 35. Qxb7 0-0 36. Qxc6 Kh8 37. Bc7 Qc2 38. Bxd5 Qd2 39. Rg1 Rc8 40. Be6 Rce8 41. Qe4 Qf2 42. d5 f5 43. Qf4 1-0

[Event "Blankenberge Flemish op"]
[Site "Blankenberge"]
[Date "2024.04.09"]
[Round "3"]
[White "Dreelinck, Jacob"]
[Black "Ruzhansky, Elias"]
[Result "0-1"]
[WhiteElo "2319"]
[BlackElo "2143"]
[PlyCount "92"]
[EventDate "2024.04.07"]
[EventType "swiss"]
[EventRounds "9"]
[EventCountry "BEL"]
[SourceTitle "EXT 2025"]
[Source "ChessBase"]
[SourceDate "2024.10.14"]
[SourceVersion "1"]
[SourceVersionDate "2024.10.14"]
[SourceQuality "1"]

1. e4 e5 2. f4 exf4 3. Nf3 h6 4. d4 g5 5. Nc3 d6 6. g3 Bg7 7. gxf4 g4 8. Rg1 Kf8 9. Be3 f5 10. e5 d5 11. Nxd5 Qxd5 12. c4 Qxf3 13. Qb3 Qc6 14. Bg2 Qb6 15. Qa3+ Ne7 16. d5 Qa6 17. Qd3 Kg8 18. Kf2 Nd7 19. Rge1 Nf8 20. a4 Qg6 21. Bc5 Qe8 22. b4 Nfg6 23. Qd2 Be6 24. dxe6 Rd8 25. Qe3 b6 26. Bd4 Nf8 27. Bc3 Nxe6 28. Red1 Kh7 29. h3 h5 30. hxg4 hxg4 31. Bd5 Ng6 32. Qd3 Nexf4 33. Rh1+ Bh6 34. Qg3 c6 35. e6 cxd5 36. Bf6 Nh3+ 37. Rxh3 gxh3 38. Qc7+ Kg8 39. Rg1 h2 40. Rh1 Rh7 41. Qxd8 Qxd8 42. Bxd8 dxc4 43. Bf6 Bf8 44. a5 Bxb4 45. a6 Nf4 46. Rd1 Nxe6 0-1

[Event "Blankenberge Flemish op"]
[Site "Blankenberge"]
[Date "2024.04.07"]
[Round "1"]
[White "Ruzhansky, Elias"]
[Black "Ismail, Tamer"]
[Result "1-0"]
[WhiteElo "2143"]
[BlackElo "2145"]
[PlyCount "67"]
[EventDate "2024.04.07"]
[EventType "swiss"]
[EventRounds "9"]
[EventCountry "BEL"]
[SourceTitle "EXT 2025"]
[Source "ChessBase"]
[SourceDate "2024.10.14"]
[SourceVersion "1"]
[SourceVersionDate "2024.10.14"]
[SourceQuality "1"]

1. e4 e5 2. Nf3 Nc6 3. Bc4 Bc5 4. c3 Nf6 5. d3 0-0 6. 0-0 d5 7. exd5 Nxd5 8. Re1 Bg4 9. Nbd2 Nb6 10. h3 Bh5 11. Bb3 Qxd3 12. Nxe5 Qf5 13. Nef3 Rad8 14. Qe2 Nd5 15. Ne4 Bxf3 16. Qxf3 Qxf3 17. gxf3 Bb6 18. a4 a5 19. Kf1 h6 20. Rd1 Nde7 21. Be3 Bxe3 22. fxe3 Rxd1+ 23. Rxd1 Rd8 24. Nc5 Rxd1+ 25. Bxd1 Nd8 26. f4 Nf5 27. Ke2 Nd6 28. Kd3 Kf8 29. Bf3 g5 30. fxg5 hxg5 31. b4 axb4 32. cxb4 c6 33. a5 Ke7 34. Nxb7 1-0

[Event "Wachtebeke-B"]
[Site "Wachtebeke"]
[Date "2024.02.12"]
[Round "3"]
[White "Nemegeer, Arne"]
[Black "Ruzhansky, Elias"]
[Result "0-1"]
[WhiteElo "2100"]
[BlackElo "2133"]
[PlyCount "82"]
[EventDate "2024.02.12"]
[EventType "tourn"]
[EventRounds "9"]
[EventCountry "BEL"]
[SourceTitle "CBM 218 Extra"]
[Source "ChessBase"]
[SourceDate "2024.03.31"]
[SourceVersion "1"]
[SourceVersionDate "2024.03.31"]
[SourceQuality "1"]

1. e4 e5 2. Nf3 Nf6 3. d4 Nxe4 4. Bd3 d5 5. Nxe5 Nd7 6. Nxd7 Bxd7 7. 0-0 Nf6 8. c4 Be7 9. Nc3 Be6 10. c5 0-0 11. Bf4 c6 12. Re1 Qd7 13. Qc2 Rfe8 14. b4 g6 15. b5 Nh5 16. Be3 Ng7 17. Qa4 Bf5 18. Be2 h5 19. h3 Bd8 20. Nb1 Bxh3 21. bxc6 bxc6 22. Nd2 Bf5 23. Nf3 Bf6 24. Bf4 Ne6 25. Be5 Nxc5 26. Qb4 Ne4 27. Bxf6 Nxf6 28. Ne5 Qe7 29. Nxc6 Qxb4 30. Nxb4 Rab8 31. a3 a5 32. Nc6 Rb6 33. Rac1 Bd3 34. Kf1 Rxe2 35. Rxe2 Rb2 36. Rce1 Ne4 37. Ne5 Nd2+ 38. Kg1 Bxe2 39. Rxe2 Nf3+ 40. Kf1 Rb1+ 41. Re1 Rxe1# 0-1

[Event "BEL-chT 2324"]
[Site "Belgium"]
[Date "2024.02.04"]
[Round "7.6"]
[White "Tonoli, Benjamin"]
[Black "Ruzhansky, Elias"]
[Result "1-0"]
[WhiteElo "2175"]
[BlackElo "2034"]
[PlyCount "93"]
[EventDate "2023.09.24"]
[EventType "team-tourn"]
[EventRounds "11"]
[EventCountry "BEL"]
[SourceTitle "EXT 2025"]
[Source "ChessBase"]
[SourceDate "2024.10.14"]
[SourceVersion "1"]
[SourceVersionDate "2024.10.14"]
[SourceQuality "1"]
[WhiteTeam "Leuven Centraal"]
[BlackTeam "KGSRL"]
[WhiteTeamCountry "BEL"]
[BlackTeamCountry "BEL"]

1. e4 c5 2. c4 Nc6 3. Ne2 Qb6 4. Nbc3 e6 5. d3 a6 6. g3 d6 7. Bg2 g6 8. 0-0 Bg7 9. Rb1 Nge7 10. a3 Qc7 11. b4 b6 12. Be3 0-0 13. f4 f5 14. e5 Rb8 15. exd6 Qxd6 16. bxc5 bxc5 17. Rxb8 Nxb8 18. Qd2 Bd7 19. Rd1 Bc6 20. d4 Bxg2 21. Kxg2 cxd4 22. Nxd4 Nbc6 23. Nce2 Rd8 24. Nc2 Qb8 25. Qc1 Rxd1 26. Qxd1 Qb3 27. c5 Kf7 28. Nc1 Qa4 29. Qd3 Nd5 30. Bf2 g5 31. fxg5 Ne5 32. Qe2 Ng4 33. Nb4 Nxb4 34. axb4 Nxf2 35. Kxf2 Qxb4 36. Nd3 Qd4+ 37. Kg2 Ke7 38. Qc2 Qc3 39. Qb1 Qd4 40. Qb7+ Kd8 41. Qb8+ Ke7 42. Qc7+ Kf8 43. Qd6+ Kf7 44. Qc7+ Kg8 45. Nf4 e5 46. Qc8+ Bf8 47. Qe6+ 1-0

[Event "BEL-chT 2324"]
[Site "Belgium"]
[Date "2023.11.19"]
[Round "4.4"]
[White "Ruzhansky, Elias"]
[Black "Marechal, Andy"]
[Result "1/2-1/2"]
[WhiteElo "2034"]
[BlackElo "2309"]
[PlyCount "131"]
[EventDate "2023.09.24"]
[EventType "team-tourn"]
[EventRounds "11"]
[EventCountry "BEL"]
[SourceTitle "EXT 2025"]
[Source "ChessBase"]
[SourceDate "2024.10.14"]
[SourceVersion "1"]
[SourceVersionDate "2024.10.14"]
[SourceQuality "1"]
[WhiteTeam "KGSRL"]
[BlackTeam "Namur"]
[WhiteTeamCountry "BEL"]
[BlackTeamCountry "BEL"]

1. e4 e6 2. d4 d5 3. Nc3 Nf6 4. e5 Nfd7 5. f4 c5 6. Nf3 Nc6 7. Be3 cxd4 8. Nxd4 Bc5 9. Qd2 0-0 10. Be2 a6 11. Nd1 Nxd4 12. Bxd4 Bxd4 13. Qxd4 Qb6 14. c3 f6 15. exf6 Qxd4 16. cxd4 Nxf6 17. 0-0 Bd7 18. Nf2 Rac8 19. Rac1 Rxc1 20. Rxc1 Rc8 21. Rxc8+ Bxc8 22. g4 Bd7 23. g5 Ne8 24. Bd3 Nd6 25. Ng4 Bb5 26. Bc2 a5 27. Kf2 Nc4 28. b3 Na3 29. Ne3 Kf7 30. Bxh7 g6 31. Ng4 Kg7 32. Nf6 Nc2 33. h4 Nxd4 34. h5 gxh5 35. Bb1 h4 36. Nh5+ Kg8 37. Ke3 Nf5+ 38. Kf2 Kf7 39. Nf6 d4 40. Ng4 Kg7 41. Ne5 Bc6 42. Kg1 Ne7 43. Kh2 Nd5 44. Kh3 Nxf4+ 45. Kxh4 Bd5 46. Kg4 Ne2 47. Bc2 Nc1 48. Bb1 b5 49. Nf3 d3 50. Kf4 Bxf3 51. Kxf3 d2 52. Bc2 Nxa2 53. Ke2 Nb4 54. Be4 d1Q+ 55. Kxd1 a4 56. bxa4 bxa4 57. Kd2 Nd5 58. Kc2 Nf4 59. Kb2 Nh3 60. g6 Nf4 61. Bc2 a3+ 62. Kxa3 Nxg6 63. Kb4 Kf6 64. Kc3 Nf4 65. Kd4 e5+ 66. Ke4 1/2-1/2

[Event "BEL-chT 2324"]
[Site "Belgium"]
[Date "2023.09.24"]
[Round "1.5"]
[White "Baselmans, Sam"]
[Black "Ruzhansky, Elias"]
[Result "0-1"]
[WhiteElo "2220"]
[BlackElo "2216"]
[PlyCount "126"]
[EventDate "2023.09.24"]
[EventType "team-tourn"]
[EventRounds "11"]
[EventCountry "BEL"]
[SourceTitle "EXT 2025"]
[Source "ChessBase"]
[SourceDate "2024.10.14"]
[SourceVersion "1"]
[SourceVersionDate "2024.10.14"]
[SourceQuality "1"]
[WhiteTeam "Mechelen"]
[BlackTeam "KGSRL"]
[WhiteTeamCountry "BEL"]
[BlackTeamCountry "BEL"]

1. e4 c5 2. Nc3 Nc6 3. g3 g6 4. Bg2 Bg7 5. d3 d6 6. Be3 Nf6 7. h3 e5 8. Nge2 0-0 9. 0-0 Nd4 10. f4 exf4 11. Nxf4 Be6 12. Rb1 Nd7 13. Qd2 Ne5 14. Nxe6 fxe6 15. Rxf8+ Qxf8 16. Bxd4 cxd4 17. Rf1 Nf7 18. Ne2 Qd8 19. Nf4 Bh6 20. Qb4 Bxf4 21. gxf4 Qb6 22. Qc4 Re8 23. f5 Ne5 24. Qa4 Re7 25. f6 Rd7 26. b4 Kf7 27. h4 a6 28. Bh3 Qc6 29. Qb3 d5 30. Bg2 dxe4 31. Bxe4 Qd6 32. c4 dxc3 33. Qxc3 Ng4 34. Qb2 Rc7 35. Qe2 Qg3+ 36. Qg2 Qe3+ 37. Kh1 Rc1 38. Bxg6+ Kf8 39. Bxh7 Rxf1+ 40. Qxf1 Qg3 41. Qg2 Qe1+ 42. Qg1 Qxh4+ 43. Kg2 Qxh7 44. Qc5+ Kf7 45. Qe7+ Kg6 46. Qxe6 Qh2+ 47. Kf3 Nxf6 48. Ke3 Qg1+ 49. Kd2 Qd4 50. Qc4 Qxc4 51. dxc4 Kf5 52. Kd3 Ke5 53. a4 a5 54. Kc3 Kd6 55. Kb3 Kc6 56. Ka3 Nd7 57. Kb3 Ne5 58. Kc3 b6 59. Kb3 Nd3 60. c5 Nxb4 61. cxb6 Kxb6 62. Kc4 Kc6 63. Kd4 Na6 0-1

[Event "London Mindsports op"]
[Site "London"]
[Date "2023.09.17"]
[Round "9"]
[White "Jones, Steven"]
[Black "Ruzhansky, Elias"]
[Result "0-1"]
[WhiteElo "2289"]
[BlackElo "2216"]
[PlyCount "58"]
[EventDate "2023.09.13"]
[EventType "swiss"]
[EventRounds "9"]
[EventCountry "ENG"]
[SourceTitle "CBM 216 Extra"]
[Source "ChessBase"]
[SourceDate "2023.11.30"]
[SourceVersion "1"]
[SourceVersionDate "2023.11.30"]
[SourceQuality "1"]

1. e4 c5 2. Nf3 Nc6 3. d4 cxd4 4. Nxd4 Nf6 5. Nc3 d6 6. Bg5 e6 7. Qd2 a6 8. 0-0-0 Be7 9. f4 Bd7 10. Nf3 b5 11. a3 b4 12. axb4 Nxb4 13. Kb1 Rb8 14. Bc4 Qb6 15. Qd4 Qb7 16. b3 Nc6 17. Qd3 Na5 18. e5 d5 19. exf6 dxc4 20. Qxd7+ Qxd7 21. Rxd7 gxf6 22. Rxe7+ Kxe7 23. Bh4 cxb3 24. Nd4 Rhc8 25. Nde2 b2 26. Rd1 Nc4 27. Bf2 Na3+ 28. Ka2 b1Q+ 29. Nxb1 Nxb1 0-1

[Event "BEL-ch"]
[Site "Bruges"]
[Date "2023.08.19"]
[Round "8"]
[White "Dgebuadze, Alexandre"]
[Black "Ruzhansky, Elias"]
[Result "1-0"]
[WhiteElo "2429"]
[BlackElo "2183"]
[PlyCount "59"]
[EventDate "2023.08.12"]
[EventType "tourn"]
[EventRounds "9"]
[EventCountry "BEL"]
[EventCategory "3"]
[SourceTitle "CBM 215 Extra"]
[Source "ChessBase"]
[SourceDate "2023.09.30"]
[SourceVersion "1"]
[SourceVersionDate "2023.09.30"]
[SourceQuality "1"]

1. c4 e6 2. Nf3 d5 3. e3 Nf6 4. Nc3 Nbd7 5. b3 b6 6. Bb2 Bb7 7. Rc1 a6 8. Be2 Bd6 9. d4 0-0 10. 0-0 c5 11. dxc5 bxc5 12. Rc2 Rc8 13. Rd2 Bb8 14. cxd5 exd5 15. Re1 Qc7 16. Nxd5 Bxd5 17. Rxd5 Nxd5 18. Qxd5 Nb6 19. Qf5 Qd7 20. Qc2 Rc6 21. Bxa6 Rg6 22. Bd3 Rh6 23. Bf5 Qc7 24. g3 Nd5 25. Ng5 Qe7 26. h4 g6 27. Be4 Nb4 28. Qc3 f6 29. Qc4+ Kh8 30. a3 1-0

[Event "Ghent op 44th"]
[Site "Ghent"]
[Date "2023.07.19"]
[Round "9"]
[White "Ruzhansky, Elias"]
[Black "Hausrath, Daniel"]
[Result "0-1"]
[WhiteElo "2209"]
[BlackElo "2442"]
[PlyCount "106"]
[EventDate "2023.07.11"]
[EventType "swiss"]
[EventRounds "9"]
[EventCountry "BEL"]
[SourceTitle "EXT 2024"]
[Source "ChessBase"]
[SourceDate "2023.10.10"]
[SourceVersion "1"]
[SourceVersionDate "2023.10.10"]
[SourceQuality "1"]

1. e4 c6 2. Nc3 d5 3. Nf3 Bg4 4. h3 Bxf3 5. Qxf3 e6 6. d3 Nd7 7. g3 Bb4 8. Bd2 d4 9. Nb1 Qb6 10. b3 a5 11. a3 Bxd2+ 12. Nxd2 a4 13. Nc4 Qc7 14. Bg2 axb3 15. cxb3 Ne5 16. Qe2 Nxc4 17. dxc4 e5 18. 0-0 Nf6 19. Rfe1 Nd7 20. Bf1 0-0 21. Qc2 Qd6 22. b4 c5 23. b5 Ra5 24. a4 Rfa8 25. Ra3 Nb6 26. Rea1 Qe6 27. Kg2 R8a7 28. Bd3 Nc8 29. Qe2 g6 30. Bc2 Nd6 31. Bb3 b6 32. Re1 Rd7 33. Qd3 Kg7 34. Raa1 Re7 35. Rf1 f5 36. f3 Rf7 37. Rae1 fxe4 38. fxe4 Raa7 39. Qe2 Qc8 40. Bc2 Qg8 41. Bb3 Qa8 42. Kg1 Rxf1+ 43. Kxf1 Rf7+ 44. Kg1 Qa5 45. Rc1 Qb4 46. Qd3 h5 47. Rf1 Rxf1+ 48. Kxf1 Nb7 49. g4 h4 50. g5 Qa3 51. Kg2 Qc1 52. Bd1 Qxg5+ 53. Bg4 Na5 0-1

[Event "Ghent op 44th"]
[Site "Ghent"]
[Date "2023.07.13"]
[Round "3"]
[White "Csonka, Balazs"]
[Black "Ruzhansky, Elias"]
[Result "1-0"]
[WhiteElo "2497"]
[BlackElo "2209"]
[PlyCount "75"]
[EventDate "2023.07.11"]
[EventType "swiss"]
[EventRounds "9"]
[EventCountry "BEL"]
[SourceTitle "EXT 2024"]
[Source "ChessBase"]
[SourceDate "2023.10.10"]
[SourceVersion "1"]
[SourceVersionDate "2023.10.10"]
[SourceQuality "1"]

1. c4 e6 2. g3 d5 3. Bg2 Nf6 4. Nf3 dxc4 5. Qa4+ Nbd7 6. Qxc4 a6 7. Qc2 Rb8 8. d4 b5 9. Bd2 Bb7 10. Ba5 Nb6 11. Nbd2 Rc8 12. b4 Nbd5 13. a3 Ne7 14. 0-0 Nc6 15. Nb3 Nxa5 16. Nxa5 Be4 17. Qc3 Qd5 18. Ne1 Bxg2 19. Nxg2 Bd6 20. Nc6 Ne4 21. Qc2 Bc5 22. Na5 Bd6 23. f3 Nf6 24. Rad1 Be7 25. e4 Qd7 26. Nc6 0-0 27. Rd3 Ne8 28. e5 g6 29. d5 g5 30. Ne3 Ng7 31. Rfd1 f5 32. dxe6 Qxe6 33. Nd5 Bd8 34. Nxd8 Rcxd8 35. Nf6+ Rxf6 36. Rxd8+ Rf8 37. Rxf8+ Kxf8 38. Qxc7 1-0

[Event "Ghent op 44th"]
[Site "Ghent"]
[Date "2023.07.12"]
[Round "2"]
[White "Ruzhansky, Elias"]
[Black "Miedema, David"]
[Result "1-0"]
[WhiteElo "2209"]
[BlackElo "2375"]
[PlyCount "85"]
[EventDate "2023.07.11"]
[EventType "swiss"]
[EventRounds "9"]
[EventCountry "BEL"]
[SourceTitle "EXT 2024"]
[Source "ChessBase"]
[SourceDate "2023.10.10"]
[SourceVersion "1"]
[SourceVersionDate "2023.10.10"]
[SourceQuality "1"]

1. e4 e6 2. d4 d5 3. Nc3 Bb4 4. e5 Ne7 5. a3 Bxc3+ 6. bxc3 b6 7. Qg4 Ng6 8. f4 Ba6 9. Bxa6 Nxa6 10. Qf3 Nb8 11. Ne2 Nc6 12. 0-0 Qd7 13. Ng3 Nce7 14. Nh5 0-0-0 15. a4 a5 16. Qd3 Kb7 17. Nxg7 h5 18. f5 exf5 19. Nxf5 Nxf5 20. Qxf5 Qc6 21. Bd2 h4 22. h3 Rdf8 23. Qf6 Qd7 24. Qf5 Qc6 25. Qd3 Rhg8 26. Rf6 Qd7 27. Qf3 Ne7 28. e6 Qd8 29. Bh6 Rg3 30. Qf2 Ng8 31. Rxf7 Re8 32. Bf4 Rxc3 33. Re1 Rc6 34. Qf3 Rxc2 35. Rd7 Qc8 36. Qxd5+ Ka7 37. Qb3 Rc6 38. Qb5 Rc2 39. Bxc7 Rxc7 40. Rxc7+ Qxc7 41. Qxe8 Qg3 42. Qf7+ Ka6 43. Qf1+ 1-0

[Event "Ghent op 44th"]
[Site "Ghent"]
[Date "2023.07.11"]
[Round "1"]
[White "Gormally, Daniel"]
[Black "Ruzhansky, Elias"]
[Result "1-0"]
[WhiteElo "2432"]
[BlackElo "2209"]
[PlyCount "75"]
[EventDate "2023.07.11"]
[EventType "swiss"]
[EventRounds "9"]
[EventCountry "BEL"]
[SourceTitle "EXT 2024"]
[Source "ChessBase"]
[SourceDate "2023.10.10"]
[SourceVersion "1"]
[SourceVersionDate "2023.10.10"]
[SourceQuality "1"]

1. d4 d5 2. c4 e6 3. Nf3 Nf6 4. g3 dxc4 5. Bg2 Bb4+ 6. Nc3 Nbd7 7. 0-0 c6 8. Qc2 b5 9. a4 Bxc3 10. bxc3 0-0 11. Ng5 Bb7 12. Ba3 Re8 13. axb5 Qc7 14. bxc6 Bxc6 15. e4 h6 16. Nh3 Nb6 17. Bb4 e5 18. f3 Qd7 19. Qf2 Qc7 20. dxe5 Rxe5 21. Rfd1 Ree8 22. Nf4 Nfd7 23. Bd6 Qb7 24. Rdb1 Ne5 25. Ra5 f6 26. Bc5 Qc7 27. Rba1 g5 28. Nh5 Qf7 29. g4 Nbd7 30. Bd4 Reb8 31. h3 Nd3 32. Qg3 Rb2 33. Qd6 Bb5 34. Rxa7 Rxa7 35. Rxa7 Qf8 36. Qd5+ Qf7 37. Ra8+ Nf8 38. Nxf6+ 1-0

[Event "Maastricht Limburg op 15th"]
[Site "Maastricht"]
[Date "2023.05.28"]
[Round "4"]
[White "Ruzhansky, Elias"]
[Black "Pruijssers, Roeland"]
[Result "1-0"]
[WhiteElo "2217"]
[BlackElo "2534"]
[PlyCount "81"]
[EventDate "2023.05.26"]
[EventType "swiss"]
[EventRounds "7"]
[EventCountry "NED"]
[SourceTitle "CBM 214 Extra"]
[Source "ChessBase"]
[SourceDate "2023.07.31"]
[SourceVersion "1"]
[SourceVersionDate "2023.07.31"]
[SourceQuality "1"]

1. e4 e5 2. Nf3 Nc6 3. Bc4 Nf6 4. d3 Bc5 5. c3 d5 6. exd5 Nxd5 7. 0-0 0-0 8. a4 Bg4 9. Re1 a6 10. Nbd2 Nb6 11. Ne4 Nxc4 12. Nxc5 Nd6 13. h3 Bh5 14. d4 exd4 15. g4 Bg6 16. Bg5 Qc8 17. cxd4 b6 18. Ne5 Nb4 19. Ncd7 Re8 20. Rc1 Qb7 21. h4 h6 22. Bxh6 gxh6 23. Nxg6 fxg6 24. Qb3+ Kh8 25. Qxb4 Re4 26. Rxe4 Qxe4 27. Ne5 Rf8 28. Qc3 Kg8 29. Qe3 Rf4 30. Rxc7 Qxd4 31. Qxd4 Rxd4 32. Rd7 g5 33. hxg5 hxg5 34. f3 Kf8 35. Nf7 Rd1+ 36. Kh2 Rd2+ 37. Kh3 Ne4 38. Rxd2 Nxd2 39. Nxg5 Nc4 40. b4 Ke7 41. Ne4 1-0

[Event "BEL-chT 2223"]
[Site "Belgium"]
[Date "2023.02.12"]
[Round "7.5"]
[White "Ruzhansky, Elias"]
[Black "De Coninck, Rafael"]
[Result "1-0"]
[WhiteElo "2106"]
[BlackElo "2071"]
[PlyCount "79"]
[EventDate "2022.09.25"]
[EventType "team-tourn"]
[EventRounds "11"]
[EventCountry "BEL"]
[SourceTitle "CBM 213 Extra"]
[Source "ChessBase"]
[SourceDate "2023.05.31"]
[SourceVersion "1"]
[SourceVersionDate "2023.05.31"]
[SourceQuality "1"]
[WhiteTeam "KGSRL"]
[BlackTeam "Mechelen"]
[WhiteTeamCountry "BEL"]
[BlackTeamCountry "BEL"]

1. e4 g6 2. d4 Bg7 3. Nc3 d5 4. exd5 Nf6 5. Bb5+ Nbd7 6. Nf3 0-0 7. 0-0 Nb6 8. Be2 Nbxd5 9. Nxd5 Nxd5 10. c4 Nb6 11. Be3 c5 12. dxc5 Qxd1 13. Raxd1 Na4 14. b3 Nc3 15. Rd2 Bf5 16. Bd3 Rfd8 17. Bxf5 gxf5 18. Re1 Kf8 19. Bd4 e6 20. Kf1 Ne4 21. Bxg7+ Kxg7 22. Rxd8 Rxd8 23. b4 Nd2+ 24. Ke2 Nxc4 25. Rc1 Na3 26. Rc3 Nb5 27. Rb3 Nd4+ 28. Nxd4 Rxd4 29. Ke3 e5 30. g3 Kf6 31. a3 Ke6 32. Rc3 Kd5 33. b5 Re4+ 34. Kf3 Rg4 35. Ke3 Re4+ 36. Kd3 Rd4+ 37. Kc2 Rg4 38. Kb3 f6 39. c6 bxc6 40. Rxc6 1-0